| 000 | 00741nam a22002057a 4500 | ||
|---|---|---|---|
| 005 | 20100817112420.0 | ||
| 010 | _aENG-100627 | ||
| 020 |
_a8188965618 _c375.00 |
||
| 035 | _aEN-84160 | ||
| 037 | _bDBAD/PUB | ||
| 082 | _a808.883 | ||
| 100 |
_aSegal, Zohra _914254 |
||
| 245 |
_aClose-up : _bmemories of a life on stage and screen / _cby Zohra Segal |
||
| 260 |
_aNew Delhi _bWomen Unlimited _c2010 |
||
| 270 |
_aK-36, Hauz Khas Enclave, Ground Floor _bNew Delhi _e110016 |
||
| 300 |
_a291p. _c22cm (pbk) _ephotos |
||
| 650 |
_aMemoire _914255 |
||
| 942 |
_2ddc _cEN _h808.883 _mSEG |
||
| 999 |
_c42253 _d42253 |
||